00545nam a2200157Ia 4500008004100000100002100041245008500062245002100147260005900168260000900227650001800236650001500254856002600269999001900295952007300314170221s9999 xx 000 0 und d aMaria Goncharova aPlanet Play: Designing A Game For Children To Promote Environmental Awareness.  cMaria Goncharova bOnline Journal of Communication and Media Technologies c2015 xCommunication xMedia Arts uhttp://www.ojcmt.net/ c309219d309219 001040aCLbCLd2017-02-21l0r2017-02-21 00:00:00w2017-02-21yFOJ